| 000 | 00483nam a22001697a 4500 | ||
|---|---|---|---|
| 999 |
_c526476 _d526476 |
||
| 003 | NUST | ||
| 038 | _awaseem | ||
| 082 |
_a891.421 _bTAR |
||
| 100 |
_aTariq, Muhammad Shareef _917485 |
||
| 245 |
_aPanjal dy athroon / _cMuhammad Shareef Tariq |
||
| 260 |
_aMir pur : _bFaiz ul islam Printing Press, _c[N.D] |
||
| 300 | _a246 p. ; | ||
| 500 | _aHardcover. | ||
| 880 |
_6100-01\r _aمحمد شريف طارق |
||
| 880 |
_6245-02\r _aپنجال دے اتھروں / |
||
| 942 |
_2ddc _cBK |
||